[Event "Rochefort op-B 16th"]
[Site "Rochefort"]
[Date "2017.02.18"]
[Round "5"]
[White "Bleau, Adrien"]
[Black "Ljutovac, Sreten"]
[Result "0-1"]
[WhiteElo "1883"]
[BlackElo "1707"]
[PlyCount "33"]
[EventDate "2017.02.18"]
[EventType "swiss"]
[EventRounds "9"]
[EventCountry "FRA"]
[SourceTitle "CBM 177 Extra"]
[Source "ChessBase"]
[SourceDate "2017.04.27"]
[SourceVersion "1"]
[SourceVersionDate "2017.04.27"]
[SourceQuality "1"]

1. e4 d5 2. exd5 Nf6 3. Nf3 Bg4 4. d4 Qxd5 5. Be2 Nc6 6. c4 Qh5 7. 0-0 0-0-0 8. Be3 e5 9. d5 e4 10. Nd4 Nxd4 11. Bxg4+ Nxg4 12. h3 Nf3+ 13. gxf3 Nxe3 14. fxe3 Qxh3 15. Qe2 Rd6 16. Qh2 Rg6+ 17. Kh1 0-1

[Event "Rochefort op-B 16th"]
[Site "Rochefort"]
[Date "2017.02.18"]
[Round "8"]
[White "Budak, Rezan"]
[Black "Bleau, Adrien"]
[Result "1-0"]
[WhiteElo "1791"]
[BlackElo "1883"]
[PlyCount "160"]
[EventDate "2017.02.18"]
[EventType "swiss"]
[EventRounds "9"]
[EventCountry "FRA"]
[SourceTitle "CBM 177 Extra"]
[Source "ChessBase"]
[SourceDate "2017.04.27"]
[SourceVersion "1"]
[SourceVersionDate "2017.04.27"]
[SourceQuality "1"]

1. e4 e6 2. d4 d5 3. exd5 exd5 4. Nf3 Nc6 5. Bf4 Bd6 6. Bg3 Bg4 7. Be2 Nge7 8. Nc3 Bxg3 9. hxg3 Qd7 10. a4 h6 11. Qd2 Bf5 12. Na2 a6 13. c3 Qd6 14. b4 0-0 15. 0-0 Ng6 16. Bd3 Bxd3 17. Qxd3 Rfe8 18. Rae1 Qd7 19. Nc1 Rxe1 20. Rxe1 Re8 21. Rxe8+ Qxe8 22. Nb3 Nb8 23. Nc5 b5 24. a5 Nf8 25. Qf5 c6 26. Qe5 Qxe5 27. Nxe5 f6 28. Ned3 Kf7 29. f3 Ne6 30. Kf2 Nxc5 31. Nxc5 g6 32. Ke3 Ke7 33. Kf4 Kf7 34. Kg4 f5+ 35. Kh4 Ke7 36. f4 Kf6 37. g4 fxg4 38. Kxg4 Ke7 39. f5 Kf6 40. fxg6 Kxg6 41. Kf4 Kf6 42. g4 Kg6 43. Kf3 Kf6 44. Kg3 Kf7 45. Kh4 Kg6 46. Ne6 Nd7 47. Nd8 Nb8 48. Kg3 Kf6 49. Kf4 Ke7 50. Nb7 Kf6 51. Nc5 Kg6 52. Nd3 Kf6 53. Ne5 Ke6 54. Kg3 Kf6 55. Kh4 Kg7 56. Kh5 Kh7 57. Nf7 Nd7 58. Nd8 Nf6+ 59. Kh4 Ne4 60. Nxc6 Nxc3 61. Nb8 Ne2 62. Nxa6 Nxd4 63. Nc7 Nc6 64. Nxd5 Kg6 65. a6 Na7 66. Nf4+ Kf6 67. Kh5 Kg7 68. Ne6+ Kh7 69. Nd8 Kg7 70. Nb7 Kh7 71. g5 hxg5 72. Kxg5 Kg7 73. Kf5 Kf7 74. Ke5 Ke7 75. Kd5 Kd7 76. Kc5 Kc7 77. Nd6 Kb8 78. Nxb5 Nc8 79. Nd6 Ne7 80. b5 Ka7 1-0

[Event "Rochefort op-B 16th"]
[Site "Rochefort"]
[Date "2017.02.18"]
[Round "2"]
[White "Gobbetto, Jean Claude"]
[Black "Bleau, Adrien"]
[Result "1-0"]
[WhiteElo "1693"]
[BlackElo "1883"]
[PlyCount "83"]
[EventDate "2017.02.18"]
[EventType "swiss"]
[EventRounds "9"]
[EventCountry "FRA"]
[SourceTitle "CBM 177 Extra"]
[Source "ChessBase"]
[SourceDate "2017.04.27"]
[SourceVersion "1"]
[SourceVersionDate "2017.04.27"]
[SourceQuality "1"]

1. d4 Nf6 2. Nf3 g6 3. Bf4 Bg7 4. Nbd2 d5 5. h3 0-0 6. e3 c5 7. c3 Nc6 8. Bd3 Nd7 9. 0-0 e5 10. dxe5 Ndxe5 11. Nxe5 Nxe5 12. Bc2 Be6 13. Nf3 Nxf3+ 14. Qxf3 Qb6 15. Rab1 d4 16. b4 dxc3 17. bxc5 Qxc5 18. Qxb7 Bxa2 19. Rbd1 Qb6 20. Rd7 Be6 21. Rb1 Qxb7 22. Rdxb7 a5 23. Ra1 Rfd8 24. e4 Rd7 25. Rxd7 Bxd7 26. Be3 Bf8 27. Kf1 a4 28. Bc1 a3 29. Bb3 Bb5+ 30. Ke1 Bb4 31. Ba2 Rc8 32. Rb1 c2+ 33. Rxb4 Rd8 34. Bd2 Bf1 35. g3 Bxh3 36. Rc4 Rb8 37. Rxc2 Bg4 38. Bc1 Ra8 39. Rc3 Rd8 40. f3 Rc8 41. Rxc8+ Bxc8 42. Bxa3 1-0

[Event "Sautron op 16th"]
[Site "Sautron"]
[Date "2016.10.29"]
[Round "9.26"]
[White "Delabbey, Florian"]
[Black "Bleau, Adrien"]
[Result "1/2-1/2"]
[WhiteElo "1861"]
[BlackElo "1959"]
[PlyCount "72"]
[EventDate "2016.10.22"]
[EventType "swiss"]
[EventRounds "9"]
[EventCountry "FRA"]
[SourceTitle "EXT 2019"]
[Source "ChessBase"]
[SourceDate "2018.10.10"]
[SourceVersion "1"]
[SourceVersionDate "2018.10.10"]
[SourceQuality "1"]

1. e4 e6 2. d4 d5 3. Nd2 Nf6 4. e5 Nfd7 5. f4 c5 6. c3 Nc6 7. Ndf3 Qb6 8. g3 cxd4 9. cxd4 Bb4+ 10. Kf2 f6 11. Kg2 g5 12. exf6 g4 13. f7+ Kf8 14. Ng5 Nf6 15. h3 Qxd4 16. Qe2 Ne4 17. Be3 Qg7 18. Nxe4 gxh3+ 19. Nxh3 dxe4 20. Ng5 h6 21. Nxe4 b6 22. Kf2 Bb7 23. Bg2 Qxf7 24. Bd2 Qe7 25. a3 Bxd2 26. Qxd2 Rd8 27. Qc3 Qg7 28. Nf6 Kf7 29. Bxc6 Bxc6 30. Qxc6 Qxf6 31. Qc7+ Kg6 32. Qc2+ Kg7 33. Rad1 Rxd1 34. Rxd1 Rf8 35. Rd7+ Rf7 36. Rxf7+ Qxf7 1/2-1/2

[Event "Sautron op 16th"]
[Site "Sautron"]
[Date "2016.10.26"]
[Round "6.25"]
[White "Dubois, Pierre"]
[Black "Bleau, Adrien"]
[Result "1-0"]
[WhiteElo "2125"]
[BlackElo "1959"]
[PlyCount "83"]
[EventDate "2016.10.22"]
[EventType "swiss"]
[EventRounds "9"]
[EventCountry "FRA"]
[SourceTitle "EXT 2019"]
[Source "ChessBase"]
[SourceDate "2018.10.10"]
[SourceVersion "1"]
[SourceVersionDate "2018.10.10"]
[SourceQuality "1"]

1. d4 Nf6 2. Bg5 c5 3. d5 Ne4 4. Bf4 Qb6 5. Nd2 Qxb2 6. Nxe4 Qb4+ 7. Qd2 Qxe4 8. e3 d6 9. Nf3 g6 10. Rb1 Nd7 11. Be2 Bg7 12. 0-0 Qa4 13. c4 Nf6 14. Bd3 Nh5 15. e4 Nxf4 16. Qxf4 0-0 17. e5 dxe5 18. Nxe5 Qxa2 19. Rfe1 Qa6 20. Ng4 Bxg4 21. Qxg4 Bd4 22. Rxe7 Bxf2+ 23. Kh1 Rae8 24. Qd7 Rxe7 25. Qxe7 Qa3 26. Be2 Qe3 27. Qxe3 Bxe3 28. Rxb7 Ra8 29. Bd1 Bd4 30. g3 a5 31. Ba4 Kg7 32. Kg2 h5 33. Kf3 Kf6 34. Ke4 Bg1 35. Bc6 a4 36. Rb1 Ra7 37. Rxg1 a3 38. Rf1+ Ke7 39. Ra1 Kd6 40. Ra2 f6 41. Kd3 g5 42. Kc3 1-0

[Event "Chateauroux op 15th"]
[Site "Chateauroux"]
[Date "2014.10.29"]
[Round "7"]
[White "Egreteau, Eric"]
[Black "Bleau, Adrien"]
[Result "1-0"]
[WhiteElo "2038"]
[BlackElo "1752"]
[PlyCount "37"]
[EventDate "2014.10.25"]
[EventType "swiss"]
[EventRounds "7"]
[EventCountry "FRA"]
[SourceTitle "EXT 2015"]
[Source "ChessBase"]
[SourceDate "2014.11.20"]
[SourceVersion "1"]
[SourceVersionDate "2014.11.20"]
[SourceQuality "1"]

1. e4 e6 2. Nc3 d5 3. d4 Nf6 4. Bg5 Be7 5. e5 Nfd7 6. h4 0-0 7. Bd3 c5 8. Nf3 f5 9. exf6 Bxf6 10. Qe2 Qe7 11. Bxf6 Rxf6 12. Nxd5 Qd6 13. Nxf6+ Nxf6 14. dxc5 Qxc5 15. 0-0-0 Nc6 16. Bc4 Kh8 17. Rd2 e5 18. Nxe5 Nxe5 19. Rd8+ 1-0

[Event "Chateauroux op 15th"]
[Site "Chateauroux"]
[Date "2014.10.28"]
[Round "5"]
[White "Budak, Rezan"]
[Black "Bleau, Adrien"]
[Result "0-1"]
[WhiteElo "1482"]
[BlackElo "1752"]
[PlyCount "64"]
[EventDate "2014.10.25"]
[EventType "swiss"]
[EventRounds "7"]
[EventCountry "FRA"]
[SourceTitle "EXT 2015"]
[Source "ChessBase"]
[SourceDate "2014.11.20"]
[SourceVersion "1"]
[SourceVersionDate "2014.11.20"]
[SourceQuality "1"]

1. e4 e6 2. d4 d5 3. exd5 exd5 4. c4 Nf6 5. Bg5 Be7 6. Nc3 Nc6 7. Nf3 Bg4 8. Be2 dxc4 9. d5 Bxf3 10. gxf3 Nxd5 11. Bxe7 Ndxe7 12. Qa4 0-0 13. Rd1 Qe8 14. Qxc4 Rd8 15. Ne4 Rxd1+ 16. Bxd1 Nf5 17. 0-0 Qe5 18. Kh1 Qxb2 19. Rg1 Qd4 20. Qc1 Kh8 21. Qf4 Qe5 22. Qg4 Nh6 23. Qh4 Ne7 24. Bb3 Ng6 25. Qh3 Qf5 26. Qg3 Qf4 27. Qh3 Qf5 28. Qg3 Qf4 29. Qh3 Nf5 30. Ng5 Nh6 31. Rg4 Qf5 32. Qg3 Nxg4 0-1

[Event "Chateauroux op 15th"]
[Site "Chateauroux"]
[Date "2014.10.26"]
[Round "3"]
[White "Clement, Christian"]
[Black "Bleau, Adrien"]
[Result "0-1"]
[WhiteElo "1403"]
[BlackElo "1752"]
[PlyCount "38"]
[EventDate "2014.10.25"]
[EventType "swiss"]
[EventRounds "7"]
[EventCountry "FRA"]
[SourceTitle "EXT 2015"]
[Source "ChessBase"]
[SourceDate "2014.11.20"]
[SourceVersion "1"]
[SourceVersionDate "2014.11.20"]
[SourceQuality "1"]

1. e4 e6 2. Nf3 d5 3. exd5 exd5 4. d4 Nc6 5. Bb5 Bd6 6. Nc3 Nge7 7. 0-0 Bg4 8. Bxc6+ bxc6 9. Re1 0-0 10. Qd3 Bf5 11. Qe2 Ng6 12. Be3 Re8 13. Qd2 Bg4 14. Bg5 f6 15. Rxe8+ Qxe8 16. Re1 Qd7 17. Be3 Bxf3 18. gxf3 Qh3 19. f4 Nh4 0-1

[Event "Sautron op 13th"]
[Site "Sautron"]
[Date "2013.10.??"]
[Round "6"]
[White "Gayon, Benoit"]
[Black "Bleau, Adrien"]
[Result "1/2-1/2"]
[WhiteElo "1995"]
[BlackElo "1530"]
[PlyCount "47"]
[EventDate "2013.10.26"]
[EventType "swiss"]
[EventRounds "9"]
[EventCountry "FRA"]
[SourceTitle "EXT 2016"]
[Source "ChessBase"]
[SourceDate "2015.10.08"]
[SourceVersion "1"]
[SourceVersionDate "2015.10.08"]
[SourceQuality "1"]

1. e4 e6 2. d4 d5 3. e5 c5 4. c3 Nc6 5. Be3 Qb6 6. Qd2 Bd7 7. Nf3 cxd4 8. cxd4 Rc8 9. Nc3 Na5 10. Rc1 Bb4 11. Be2 Nc4 12. Bxc4 Rxc4 13. 0-0 Ne7 14. a3 Bxc3 15. Rxc3 Rxc3 16. Qxc3 0-0 17. b4 Rc8 18. Qb2 Bb5 19. Rc1 Rxc1+ 20. Qxc1 Qc6 21. Qxc6 Nxc6 22. Nd2 f6 23. exf6 gxf6 24. f4 1/2-1/2